[Event "5th Staunton Mem"]
[Site "London ENG"]
[Date "2007.08.07"]
[Round "1"]
[White "McNab, Colin Anderson"]
[Black "Sokolov, Ivan"]
[Result "1-0"]
[WhiteElo "2416"]
[BlackElo "2666"]
[PlyCount "98"]
[EventDate "2007.08.07"]

1. Nf3 d5 2. g3 Bg4 3. Bg2 Nd7 4. d3 e6 5. Nbd2 Bd6 6. h3 Bh5 7. e4 c6 8. O-O
Ne7 9. b3 O-O 10. Bb2 a5 11. a3 f6 12. Qe1 e5 13. d4 Qc7 14. c4 Bxf3 15. Bxf3
exd4 16. exd5 c5 17. Qe6+ Kh8 18. Ne4 Nc8 19. Bg2 Ra6 20. Nxd6 Nxd6 21. Qe2 a4
22. b4 b6 23. Bxd4 Raa8 24. bxc5 Nxc5 25. Rae1 Nb3 26. Bc3 Rae8 27. Qh5 Qxc4
28. Bb4 Nc5 29. Rc1 Qb5 30. Rfe1 f5 31. Rxe8 Rxe8 32. Bf1 Qd7 33. Bxc5 bxc5 34.
Rxc5 Ne4 35. Bb5 Qd8 36. Qxe8+ Qxe8 37. Bxe8 Nxc5 38. d6 Kg8 39. Bxa4 Kf7 40.
d7 Ke7 41. Bb5 f4 42. gxf4 Ne6 43. a4 Nxf4 44. a5 Nxh3+ 45. Kf1 Nf4 46. a6 Nd5
47. a7 Nc7 48. Ke2 h5 49. Ke3 h4 1-0

[Event "Groningen op"]
[Site "Groningen"]
[Date "1999.12.30"]
[Round "11"]
[White "Shaw, John"]
[Black "Epishin, Vladimir"]
[Result "1-0"]
[WhiteElo "2410"]
[BlackElo "2657"]
[PlyCount "77"]
[EventDate "1999.12.19"]

1. e4 c5 2. Nf3 g6 3. d4 Bg7 4. dxc5 Qa5+ 5. Nc3 Nf6 6. e5 Ne4 7. Qd4 Nxc3 8.
Bd2 Nb5 9. Qh4 Qc7 10. Bxb5 Nc6 11. O-O-O h6 12. Rhe1 Nd8 13. Nd4 e6 14. Ba4
Qxc5 15. Nb5 O-O 16. Bxh6 f6 17. Bxg7 Kxg7 18. exf6+ Rxf6 19. Nd6 Rf8 20. Qe7+
Kg8 21. Nxc8 Rxc8 22. Qxc5 Rxc5 23. Rxd7 b5 24. Bb3 a5 25. a3 a4 26. Ba2 Re8
27. Re3 Kf8 28. Rg3 Rf5 29. Rxg6 Rxf2 30. h4 Rf1+ 31. Rd1 Rf2 32. h5 Ke7 33.
Re1 Ref8 34. Bxe6 Rf1 35. Rg7+ Kd6 36. Rd7+ Kc6 37. Rdd1 Rxe1 38. Rxe1 Kd6 39.
Bg4 1-0

[Event "MK Cafe op-A"]
[Site "Koszalin"]
[Date "1997.08.07"]
[Round "6"]
[White "Rozentalis, Eduardas"]
[Black "McNab, Colin Anderson"]
[Result "0-1"]
[WhiteElo "2645"]
[BlackElo "2490"]
[PlyCount "104"]
[EventDate "1997.08.03"]

1. e4 g6 2. d4 d6 3. Nc3 Bg7 4. Nf3 Nf6 5. Be2 O-O 6. O-O Bg4 7. Be3 Nc6 8. Bb5
Nd7 9. Bxc6 bxc6 10. h3 Bxf3 11. Qxf3 Qb8 12. b3 c5 13. Rad1 cxd4 14. Bxd4 Ne5
15. Qe2 c5 16. Be3 Qb7 17. Qd2 a5 18. Bh6 a4 19. Bxg7 Kxg7 20. f4 Nc6 21. Nxa4
Qb4 22. Qd5 Nd4 23. Rf2 Nb5 24. e5 Rxa4 25. exd6 Nc3 26. Qe5+ f6 27. Qxe7+ Rf7
28. bxa4 Nxd1 29. Re2 Qd4+ 30. Kh1 Nc3 31. Re1 Nd5 32. Qe8 Nxf4 33. Qc6 Qd2 34.
Rb1 Kh6 35. Rg1 Qd4 36. c3 Qd2 37. a5 Nd3 38. Rf1 Ne5 39. Qxc5 Kg7 40. a6 Qd3
41. Re1 Qxa6 42. Kh2 Qc4 43. Qxc4 Nxc4 44. Rd1 Rd7 45. Rd4 Nxd6 46. c4 Rd8 47.
h4 Nb7 48. Rxd8 Nxd8 49. Kg3 f5 50. Kf3 Kf6 51. a4 Nc6 52. Kf4 h6 0-1

[Event "Reyjkavik Open"]
[Site "?"]
[Date "2013.02.20"]
[Round "2.8"]
[White "Amin, Bassem"]
[Black "Muir, Andrew J"]
[Result "0-1"]
[WhiteElo "2631"]
[BlackElo "2313"]
[PlyCount "38"]
[EventDate "2013.??.??"]

1. e4 c5 2. Nf3 Nc6 3. g3 g6 4. Bg2 Bg7 5. O-O d6 6. c3 e5 7. d3 Nge7 8. Be3
O-O 9. Nh4 Be6 10. Nd2 Qd7 11. f4 Rac8 12. Ndf3 h6 13. Qd2 Kh7 14. f5 gxf5 15.
exf5 Nxf5 16. Nxf5 Bxf5 17. Nxe5 Nxe5 18. Rxf5 Qxf5 19. Rf1 Qe6 0-1

[Event "Politiken Cup 2008"]
[Site "Helsingør"]
[Date "2008.07.21"]
[Round "4.6"]
[White "Aagaard, Jacob"]
[Black "Socko, Bartosz"]
[Result "1-0"]
[WhiteElo "2531"]
[BlackElo "2628"]
[PlyCount "115"]
[EventDate "2008.??.??"]
[WhiteTeam "Sydøstfyn"]

1. e4 e6 2. d4 d5 3. Nc3 Nf6 4. e5 Nfd7 5. f4 c5 6. Nf3 Nc6 7. Be3 a6 8. Qd2 b5
9. dxc5 Bxc5 10. Ne2 Qb6 11. Bxc5 Nxc5 12. Ned4 Nxd4 13. Nxd4 b4 14. Qe3 Na4
15. O-O-O Bd7 16. g4 O-O-O 17. h4 Kb7 18. h5 h6 19. f5 Rc8 20. Rh2 Nc5 21. Rf2
Ne4 22. fxe6 Bxe6 23. Rf4 Rc5 24. Bd3 Rhc8 25. Bxe4 dxe4 26. Qxe4+ Bd5 27. Qe1
Qa5 28. Nb3 Bxb3 29. Qxb4+ Qxb4 30. Rxb4+ Ka8 31. axb3 Rxc2+ 32. Kb1 Re2 33.
Rd6 Ka7 34. Rd7+ Ka8 35. Rd6 Ka7 36. Rd7+ Ka8 37. Rc4 Rf8 38. Re7 Kb8 39. Rc6
a5 40. Rc5 Rd8 41. Rb5+ Kc8 42. Rxa5 Kb8 43. Rb5+ Kc8 44. Rc5+ Kb8 45. Rxf7
Rdd2 46. Ka2 Rxb2+ 47. Ka3 Ra2+ 48. Kb4 Re4+ 49. Kb5 Rxg4 50. Rf8+ Kb7 51. Rf7+
Kb8 52. e6 Re2 53. Rd5 Rg5 54. Rxg5 hxg5 55. e7 Kc8 56. Rxg7 Kd7 57. h6 Re5+
58. Ka4 1-0

[Event "Andorra Open"]
[Site "Andorra la Vella"]
[Date "2013.07.21"]
[Round "2"]
[White "Berry, Neil"]
[Black "Peralta, Fernando"]
[Result "1-0"]
[WhiteElo "2247"]
[BlackElo "2622"]
[PlyCount "79"]
[EventDate "2013.07.21"]

1. d4 d6 2. e4 Nf6 3. f3 c5 4. dxc5 Qa5+ 5. Nc3 Qxc5 6. Qd3 Nc6 7. Be3 Qa5 8.
Qb5 Bd7 9. Qxa5 Nxa5 10. O-O-O Nc6 11. Nge2 Rc8 12. Nd4 g6 13. Bb5 Bg7 14. Rhe1
O-O 15. Bxc6 bxc6 16. e5 dxe5 17. Nb3 Rc7 18. Nc5 Bc8 19. Bf2 Nd7 20. N3e4 Nb6
21. Nd2 f6 22. a4 Kf7 23. a5 Nd5 24. Kb1 h5 25. g3 Bh6 26. Nc4 Bf5 27. Ne4 Rb8
28. Rd3 Nb4 29. Rc3 Rd8 30. Bc5 Na6 31. Bf2 Rcd7 32. Be3 Rd1+ 33. Rxd1 Rxd1+
34. Ka2 Bxe3 35. Nxe3 Be6+ 36. b3 Re1 37. Nc4 Re2 38. Kb2 Bd5 39. h4 Nc7 40.
Ncd2 1-0

[Event "Gibraltar Masters"]
[Site "Catalan Bay ENG"]
[Date "2003.02.05"]
[Round "9"]
[White "Shaw, John"]
[Black "Hamdouchi, Hichem"]
[Result "1-0"]
[WhiteElo "2470"]
[BlackElo "2615"]
[PlyCount "119"]
[EventDate "2003.01.28"]

1. e4 c5 2. Nf3 d6 3. Bb5+ Nd7 4. d4 Ngf6 5. Nc3 cxd4 6. Qxd4 a6 7. Bxd7+ Nxd7
8. O-O e6 9. Rd1 f6 10. a4 Qc7 11. Be3 Be7 12. a5 Ne5 13. Nxe5 dxe5 14. Qa4+
Bd7 15. Qa2 Rc8 16. Na4 Bxa4 17. Qxa4+ Qc6 18. Qxc6+ Rxc6 19. c3 Rd6 20. Kf1
Kf7 21. Ke2 Rc8 22. Rxd6 Bxd6 23. Bb6 f5 24. f3 Ke7 25. Kd3 h5 26. b4 g5 27. h3
Kd7 28. Rd1 g4 29. hxg4 hxg4 30. Rh1 gxf3 31. Rh7+ Kc6 32. gxf3 Rg8 33. c4 Re8
34. Kc3 Be7 35. Rf7 fxe4 36. fxe4 Bd8 37. Bxd8 Rxd8 38. Re7 Rd6 39. c5 Rd1 40.
Rxe6+ Kd7 41. Rxe5 Rc1+ 42. Kb2 Re1 43. Kc2 Re3 44. Kd2 Rb3 45. Rd5+ Ke6 46.
Rd6+ Ke5 47. Rb6 Kxe4 48. Rxb7 Kd5 49. Rb6 Kc4 50. c6 Rd3+ 51. Ke2 Rd8 52. Ke3
Re8+ 53. Kf4 Kd5 54. c7 Rc8 55. Rxa6 Rxc7 56. Rb6 Rf7+ 57. Kg5 Kc4 58. a6 Rf1
59. b5 Kc5 60. Rb7 1-0

[Event "Lloyds Bank"]
[Site "London"]
[Date "1980.??.??"]
[Round "?"]
[White "Pritchett, Craig William"]
[Black "Gheorghiu, Florin"]
[Result "1-0"]
[WhiteElo "2390"]
[BlackElo "2605"]
[PlyCount "59"]
[EventDate "1980.??.??"]

1. e4 c5 2. Nf3 e6 3. d4 cxd4 4. Nxd4 a6 5. Bd3 Nf6 6. O-O d6 7. c4 Be7 8. Nc3
O-O 9. Be3 Re8 10. f4 Nbd7 11. Kh1 Bf8 12. Qe2 Qc7 13. Rac1 b6 14. b4 Bb7 15.
Nb3 Rac8 16. a4 Qb8 17. a5 d5 18. cxd5 Bxb4 19. Na2 Rxc1 20. Bxc1 bxa5 21. Nxb4
axb4 22. dxe6 fxe6 23. e5 Nd5 24. Qh5 Nf8 25. f5 exf5 26. Qxf5 Qc7 27. Nc5 Bc8
28. Qf3 Nb6 29. e6 Rd8 30. Bg5 1-0

[Event "Grangemouth Congress-A 26th"]
[Site "Grangemouth"]
[Date "1999.09.05"]
[Round "5"]
[White "Hodgson, Julian M"]
[Black "McNab, Colin Anderson"]
[Result "0-1"]
[WhiteElo "2605"]
[BlackElo "2445"]
[PlyCount "126"]
[EventDate "1999.09.03"]

1. d4 d6 2. e4 g6 3. Nc3 Bg7 4. Bg5 Nc6 5. Bb5 a6 6. Bxc6+ bxc6 7. Nge2 Nf6 8.
f3 a5 9. O-O Ba6 10. Re1 Nd7 11. Qd2 c5 12. dxc5 Nxc5 13. Nd5 f6 14. Bh6 Bxh6
15. Qxh6 Bxe2 16. Rxe2 Kf7 17. b3 c6 18. Ne3 a4 19. Rd1 axb3 20. cxb3 Ne6 21.
Nc4 Qc7 22. f4 d5 23. exd5 cxd5 24. Rde1 dxc4 25. Rxe6 Qc5+ 26. Kh1 Ra7 27. Qh3
cxb3 28. axb3 Kg7 29. Qd3 Rb8 30. h3 Kf7 31. Kh2 Rc7 32. R6e3 Kg7 33. Re4 Rb4
34. Rxb4 Qxb4 35. Re4 Qd6 36. Rd4 Qb6 37. b4 Rb7 38. Qe4 Ra7 39. Qd5 Qb8 40. b5
Rb7 41. Rb4 Rb6 42. Qc5 Qb7 43. h4 Rd6 44. Qe3 Rb6 45. Re4 e5 46. fxe5 f5 47.
Ra4 Qb8 48. Rd4 Rxb5 49. Rd7+ Kg8 50. Re7 Kf8 51. Qg5 Rb6 52. Rxh7 Qxe5+ 53.
Kh3 Re6 54. g3 Kg8 55. Ra7 Qd5 56. Qc1 Re8 57. Qa1 Qe5 58. Qa2+ Qe6 59. Qb2 f4+
60. Kh2 fxg3+ 61. Kg2 Qd5+ 62. Kh3 Qh1+ 63. Kxg3 Re3+ 0-1

[Event "ch-FRA Top 16 Poule Basse"]
[Site "Port Barcares FRA"]
[Date "2005.05.05"]
[Round "9"]
[White "Rowson, Jonathan"]
[Black "Dorfman, Josef"]
[Result "1-0"]
[WhiteElo "2572"]
[BlackElo "2603"]
[PlyCount "119"]
[EventDate "2005.05.04"]

1. d4 d5 2. Bf4 Nf6 3. e3 c5 4. dxc5 Nc6 5. Bb5 e6 6. b4 a5 7. c3 Bd7 8. Qe2
axb4 9. Bxc6 Bxc6 10. cxb4 d4 11. Nf3 Nd5 12. O-O Nxb4 13. Nxd4 Bxc5 14. Nxe6
fxe6 15. Qh5+ g6 16. Qxc5 Qd5 17. Qxd5 Nxd5 18. Be5 O-O 19. Nd2 Ra4 20. a3 Nb6
21. Rfc1 Rd8 22. Rc2 Rd3 23. Bb2 g5 24. h3 h6 25. Bd4 Nd7 26. Nc4 Rb3 27. Rb2
Rxb2 28. Nxb2 Ra6 29. Nd3 Bb5 30. Nb4 Ra8 31. Rb1 Kf7 32. Nc2 Bc6 33. Rc1 Bb5
34. Rb1 Bc6 35. Bb2 Nb6 36. Nd4 Be4 37. Rc1 Rc8 38. Rxc8 Nxc8 39. f3 Bd3 40.
Nb3 Bb5 41. Nc5 b6 42. Ne4 Bc6 43. Nd2 b5 44. Kf2 Nb6 45. e4 h5 46. Bd4 Nd7 47.
Nb3 Nb8 48. Be5 Nd7 49. Bc7 Nf8 50. g4 hxg4 51. hxg4 Ke7 52. Ke3 Ng6 53. Kd4
Nh4 54. Nd2 Be8 55. Bg3 Bd7 56. e5 Bc6 57. Bxh4 gxh4 58. Ke3 Kf7 59. Kf2 Kg6
60. f4 1-0

[Event "Luzern ol (Men)"]
[Site "Luzern"]
[Date "1982.??.??"]
[Round "2"]
[White "McKay, Roderick M"]
[Black "Hort, Vlastimil"]
[Result "1-0"]
[WhiteElo "2320"]
[BlackElo "2600"]
[PlyCount "91"]
[EventDate "1982.10.??"]

1. e4 d6 2. d4 g6 3. Nc3 Bg7 4. Nf3 Nf6 5. h3 a6 6. Be3 O-O 7. Bd3 b5 8. a4 b4
9. Ne2 Bb7 10. Ng3 d5 11. e5 Ne4 12. O-O c5 13. c3 Nxg3 14. fxg3 Nc6 15. Ng5 e6
16. Qg4 Qc7 17. Bxg6 fxg6 18. Qxe6+ Kh8 19. Rf7 Qc8 20. Rxf8+ Bxf8 21. Qf7 Bg7
22. Ne6 Qg8 23. Qxb7 Na5 24. Qxg7+ Qxg7 25. Nxg7 Kxg7 26. dxc5 Nc4 27. Bd4 b3
28. Rf1 Kh6 29. Rf7 Nxb2 30. Rb7 Nxa4 31. Be3+ g5 32. Rxb3 Rc8 33. g4 Rc6 34.
Rb8 Kg6 35. c4 d4 36. Bxd4 Nxc5 37. Rg8+ Kf7 38. Rxg5 Ne6 39. Rf5+ Ke7 40. Bb2
Rxc4 41. Rh5 Nf4 42. Rxh7+ Ke6 43. Rh6+ Kd5 44. Rd6+ Ke4 45. e6 Ke3 46. Bd4+
1-0